Le commentaire de documents en histoire (notice n° 2197714)
[ vue normale ]
| 000 -LEADER | |
|---|---|
| fixed length control field | 01541cam a2200193 4500500 |
| 005 - DATE AND TIME OF LATEST TRANSACTION | |
| control field | 20260405085444.0 |
| 041 ## - LANGUAGE CODE | |
| Language code of text/sound track or separate title | fre |
| 042 ## - AUTHENTICATION CODE | |
| Authentication code | dc |
| 100 10 - MAIN ENTRY--PERSONAL NAME | |
| Personal name | Zimmermann, Michel |
| Relator term | author |
| 245 00 - TITLE STATEMENT | |
| Title | Le commentaire de documents en histoire |
| 260 ## - PUBLICATION, DISTRIBUTION, ETC. | |
| Name of publisher, distributor, etc. | Armand Colin,<br/> |
| Date of publication, distribution, etc. | 2012.<br/> |
| 520 ## - SUMMARY, ETC. | |
| Summary, etc. | L’explication de textes, le commentaire de documents sont des exercices essentiels à l’acquisition du métier d’historien. De la licence à l’agrégation, examens et concours comprennent toujours des épreuves de ce type. Cet ouvrage expose les finalités de tels exercices, dont l’esprit est par excellence celui de l’investigation scientifique à partir d’une « source ». Il met en garde contre les erreurs communément commises et présente les étapes et outils de la recherche documentaire, de l’identification des contenus historiques propres à chaque document et de la mise en forme d’un devoir. De nombreux exemples sont commentés en détail et trois textes fournissent l’occasion d’un balisage des difficultés habituellement rencontrées ; enfin, quatre explications de textes, trois commentaires de documents non textuels ont été entièrement rédigés. |
| 700 10 - ADDED ENTRY--PERSONAL NAME | |
| Personal name | Saly, Pierre |
| Relator term | author |
| 700 10 - ADDED ENTRY--PERSONAL NAME | |
| Personal name | Scot, Jean-Paul |
| Relator term | author |
| 700 10 - ADDED ENTRY--PERSONAL NAME | |
| Personal name | Hincker, François |
| Relator term | author |
| 700 10 - ADDED ENTRY--PERSONAL NAME | |
| Personal name | L'Huillier, Marie-Claude |
| Relator term | author |
| 700 10 - ADDED ENTRY--PERSONAL NAME | |
| Personal name | L’Huillier, Marie-Claude |
| Relator term | author |
| 856 41 - ELECTRONIC LOCATION AND ACCESS | |
| Uniform Resource Identifier | <a href="https://shs.cairn.info/le-commentaire-de-documents-en-histoire--9782200243241?lang=fr&redirect-ssocas=7080">https://shs.cairn.info/le-commentaire-de-documents-en-histoire--9782200243241?lang=fr&redirect-ssocas=7080</a> |
Pas d'exemplaire disponible.




Réseaux sociaux